000 01929nam a2200289 a 4500
001 000006375
003 DO-SdBNP
005 20250401151643.0
007 ta
008 090828e2006 dr abg gr 001 edspa d
020 _a994540413X
040 _aDO-SdBNP
_bspa
_cBNPHU
082 4 _a398.097293
_bG241r
_222
100 1 _aGarrido de Boggs, Edna,
_d1913-
_917737
245 1 0 _aReseña histórica del folklore dominicano /
_cEdna Garrido de Boggs ; Prólogo y edición, Xiomarita Pérez.
260 _aSanto Domingo :
_bDirección Nacional de Folklore,
_c2006
300 _a279 p. :
_bil., fotogr., mapa ;
_c23 cm.
_eCD- ROM
500 _aIncluye datos biográficos de la autora en las solapas de las cubiertas
504 _aBibliografía : p. 193-197
505 _aPresentación.-- Prólogo.-- Introducción.
_tPersonalidad del folcklore dominicano.
_tLenguaje, Narración y otras expresiones orales.--
_tPoesía y Canto.--
_tBaile.--
_tCostumbre festivas y juegos.--
_tOtros géneros del folklore dominicano.--
_tBibliografía del folklore dominicano.--
_gApéndice A:
_tSaber y viviencias de doña Tijides de Garrido (1887 - 1976), informante y redactora, madre de Edna Garrido de Boggs, (San Juan de la Maguana).--
_gApéndice B:
_tOrígenes de nuestros juegos de muchachos y otras costumbres nacionales, por Ernesto Soler, 1946.--
_gApéndice C:
_tFolklores de Higüey, 1921 - 1922. Facilitado em 1944 por Luis Valdez Martínez, Inspector de Instrucción Pública.--
_gApéndice D:
_tObservaciones sobre las grabaciones originales en el CD por Martha Ellen Davis.--
_tIlustraciones.--
_tMapas.--
_tDisco Compacto.
590 _aInventariado, 2018/VM
650 0 _aFolclore
_zRepública Dominicana
_xHistoria
_933448
650 4 _aMúsica folclórica
_zRepública Dominicana
_xHistoria y crítica
_917739
651 4 _aRepública Domonicana
_xVida social y costumbres
_917740
700 1 2 _aPérez, Xiomarita
_epról.
_917741
942 _2ddc
_cLBS1
999 _c6170
_d6170